Project lineage management and project portfolio success (Record no. 513466)

000 -LEADER
fixed length control field 01273nam a2200157 4500
008 - FIXED-LENGTH DATA ELEMENTS--GENERAL INFORMATION
fixed length control field 200221b ||||| |||| 00| 0 eng d
100 ## - MAIN ENTRY--PERSONAL NAME
Personal name Kock, Alexander
245 ## - TITLE STATEMENT
Title Project lineage management and project portfolio success
260 ## - PUBLICATION, DISTRIBUTION, ETC. (IMPRINT)
Name of publisher, distributor, etc Project Management Journal
300 ## - PHYSICAL DESCRIPTION
Extent 50(5), 2019: p.587-601.
520 ## - SUMMARY, ETC.
Summary, etc Project portfolio approaches consider various concurrent project interdependencies but typically neglect longitudinal interdependencies. These are important for exploratory projects, which create strategic options. If these options are not exploited in successive projects they become lost opportunities. This study analyzes 138 firms regarding their extent to consciously manage project sequences. We differentiate between proactive lineage (planning a roadmap of future projects) and reactive lineage (using learnings from past projects). Results show that both practices are positively and independently related to portfolio success. We derive suggestions for future research and discuss which theoretical foundations could be used to better understand the impact of lineage management. - Reproduced.
700 ## - ADDED ENTRY--PERSONAL NAME
Personal name Gemunden, Hans George
9 (RLIN) 16361
773 ## - HOST ITEM ENTRY
Main entry heading Project Management Journal
906 ## - LOCAL DATA ELEMENT F, LDF (RLIN)
Subject DIP Project management
942 ## - ADDED ENTRY ELEMENTS (KOHA)
Source of classification or shelving scheme
Item type Articles
Holdings
Withdrawn status Lost status Source of classification or shelving scheme Damaged status Not for loan Permanent location Current location Date acquired Serial Enumeration / chronology Barcode Date last seen Koha item type
          Indian Institute of Public Administration Indian Institute of Public Administration 2020-02-21 50(5), 2019: p.587-601. AR122642 2020-02-21 Articles

Powered by Koha